Wastewater engineering (Record no. 78398)

MARC details
000 -LEADER
fixed length control field 00996nam a2200193 a 4500
008 - FIXED-LENGTH DATA ELEMENTS--GENERAL INFORMATION
fixed length control field 120416s1991 ||||||||||||||||| || u
020 ## - INTERNATIONAL STANDARD BOOK NUMBER
International Standard Book Number 0071008241
050 ## - LIBRARY OF CONGRESS CALL NUMBER
Classification number TD 645 Tch
100 ## - MAIN ENTRY--PERSONAL NAME
Personal name Tchobanoglous, George
245 10 - TITLE STATEMENT
Title Wastewater engineering
246 ## -
-- treatment, disposal, and reuse
250 ## - EDITION STATEMENT
Edition statement 3rd ed.
260 ## - PUBLICATION, DISTRIBUTION, ETC. (IMPRINT)
Place of publication, distribution, etc New York
Name of publisher, distributor, etc McGraw-Hill
Date of publication, distribution, etc 1991
350 ## -
-- 0.00
995 ## - RECOMMENDATION 995 [LOCAL, UNIMARC FRANCE]
-- 0.00
-- CBU-MAIN LIBRARY (Kitwe)
-- 3
-- 0.00
-- 4
-- DAMAGED
-- Main Library Open Access Collection
995 ## - RECOMMENDATION 995 [LOCAL, UNIMARC FRANCE]
-- 0.00
-- CBU-MAIN LIBRARY (Kitwe)
-- 1
-- 0.00
-- 1
-- AVAILABLE
-- Main Library Open Access Collection
995 ## - RECOMMENDATION 995 [LOCAL, UNIMARC FRANCE]
-- 0.00
-- CBU-MAIN LIBRARY (Kitwe)
-- 4
-- 0.00
-- 3
-- DAMAGED
-- Main Library Open Access Collection
995 ## - RECOMMENDATION 995 [LOCAL, UNIMARC FRANCE]
-- 0.00
-- CBU-MAIN LIBRARY (Kitwe)
-- 2
-- 0.00
-- 2
-- LOST
-- Main Library Open Access Collection
Holdings
Withdrawn status Lost status Source of classification or shelving scheme Damaged status Not for loan Permanent Location Current Location Shelving location Date acquired Total Checkouts Full call number Barcode Date last seen Copy number Price effective from Koha item type Date checked out
          CBU-MAIN LIBRARY, KITWE. CBU-MAIN LIBRARY, KITWE.   05/16/2023   TD 645 Tch 019129 05/16/2023 1 05/16/2023 MONOGRAPH  
          CBU-MAIN LIBRARY, KITWE. CBU-MAIN LIBRARY, KITWE.   05/16/2023 1 TD 645 Tch 019126 09/23/2025 2 05/16/2023 MONOGRAPH 07/29/2025
          CBU-MAIN LIBRARY, KITWE. CBU-MAIN LIBRARY, KITWE.   05/16/2023   TD 645 Tch 019128 05/16/2023 3 05/16/2023 MONOGRAPH  
          CBU-MAIN LIBRARY, KITWE. CBU-MAIN LIBRARY, KITWE.   05/16/2023   TD 645 Tch 019127 05/16/2023 4 05/16/2023 MONOGRAPH